Principles of investments : (Record no. 3223)

000 -LEADER
fixed length control field 00870nam a2200301 i 4500
001 - CONTROL NUMBER
control field 343923
003 - CONTROL NUMBER IDENTIFIER
control field OSt
005 - DATE AND TIME OF LATEST TRANSACTION
control field 20160907153637.0
008 - FIXED-LENGTH DATA ELEMENTS--GENERAL INFORMATION
fixed length control field 770511s1977 ohu b 001 0 eng
010 ## - LIBRARY OF CONGRESS CONTROL NUMBER
LC control number 76005618
020 ## - INTERNATIONAL STANDARD BOOK NUMBER
International Standard Book Number 9780071012386 :
Terms of availability $15.95
040 ## - CATALOGING SOURCE
Original cataloging agency DLC
Transcribing agency DLC
Modifying agency DLC
043 ## - GEOGRAPHIC AREA CODE
Geographic area code n-us---
050 00 - LIBRARY OF CONGRESS CALL NUMBER
Classification number HG4910.B63 2013
082 00 - DEWEY DECIMAL CLASSIFICATION NUMBER
Classification number 332.6/78/0973
100 1# - MAIN ENTRY--PERSONAL NAME
Personal name Bodie, Zvi
245 10 - TITLE STATEMENT
Title Principles of investments :
Statement of responsibility, etc Zvi Bodie... [et all]
260 ## - PUBLICATION, DISTRIBUTION, ETC. (IMPRINT)
Place of publication, distribution, etc Australia :
Name of publisher, distributor, etc McGraw Hill
Date of publication, distribution, etc c2013.
300 ## - PHYSICAL DESCRIPTION
Extent xx, 571 p. :
Other physical details ill ;
Dimensions 24 cm.
490 0# - SERIES STATEMENT
Series statement Grid series in finance & real estate
504 ## - BIBLIOGRAPHY, ETC. NOTE
Bibliography, etc Includes bibliographical references and index.
650 #0 - SUBJECT ADDED ENTRY--TOPICAL TERM
Topical term or geographic name as entry element Investments
Geographic subdivision United States.
700 ## - ADDED ENTRY--PERSONAL NAME
Personal name Drew, Michael E.
700 ## - ADDED ENTRY--PERSONAL NAME
Personal name Basu, Anup
700 ## - ADDED ENTRY--PERSONAL NAME
Personal name Kane, Alex
906 ## - LOCAL DATA ELEMENT F, LDF (RLIN)
a 7
b cbc
c orignew
d 2
e ocip
f 19
g y-gencatlg
942 ## - ADDED ENTRY ELEMENTS (KOHA)
Source of classification or shelving scheme
Koha item type Book
Holdings
Withdrawn status Lost status Source of classification or shelving scheme Damaged status Not for loan Home library Current library Shelving location Date acquired Total Checkouts Full call number Barcode Date last seen Date checked out Copy number Price effective from Koha item type
          Riara University Library Riara University Library General stack 07/09/2016 1 HG4910.B63 2013 7299/16 19/06/2017 02/06/2017 C.1 07/09/2016 Book

Riara University Library,
P.O. Box 49940-00100,
Nairobi, Kenya.